000 00301nam a2200121Ia 4500
008 190216s9999||||xx |||||||||||||| ||und||
100 _a"Bukhovtsev Bband Klimontovich,Myakishev"
245 0 _aSenior Physics 2
260 _bMir Pubs Moscow
_c1982
300 _a262p
650 _aPhysics
942 _cBK
999 _c33197
_d33197